000
00208nam a22000857a 4500
008
170624b xxu||||| |||| 00| 0 eng d
100
_9
3649
_a
CBSE
245
_a
Senior school curriculum part 2
260
_b
CBSE
_c
2009
999
_c
7046
_d
7046